00501nam a2200193 a 4500001001300000003000900013005001700022008004100039020001000080082001600090100001400106245003500120260004200155300000900197500003500206505002400241650002800265700001400293nice12345678IN_TiNIC20260116013516.0050524s1990 dela grp 000 0 eng  ac25000a934.05bPUR aPuri, B N aIndia in the Time of Patanjali aDelhibMunshiram Manoharlal Pubc1990 a264p aincludes index and biblioraphy2 aBibliography, Index aIndia-History Partition1 aPuri, B N